Unconvention on the Right (Record no. 158968)
[ view plain ]
| 000 -LEADER | |
|---|---|
| fixed length control field | 00623nam a22002057a 4500 |
| 006 - FIXED-LENGTH DATA ELEMENTS--ADDITIONAL MATERIAL CHARACTERISTICS--GENERAL INFORMATION | |
| fixed length control field | a|||||f|||| 00| 0 |
| 007 - PHYSICAL DESCRIPTION FIXED FIELD--GENERAL INFORMATION | |
| fixed length control field | tc |
| 008 - FIXED-LENGTH DATA ELEMENTS--GENERAL INFORMATION | |
| fixed length control field | 180713b xxu|||||f|||| 00| 0 eng d |
| 010 ## - LCCN (DPL NO) | |
| LC control number | B-406411 |
| 020 ## - INTERNATIONAL STANDARD BOOK NUMBER | |
| Terms of availability | 05.00 |
| 035 ## - SYSTEM CONTROL NUMBER | |
| System control number | B-406411 |
| 037 ## - SOURCE OF ACQUISITION | |
| Source of stock number/acquisition | A.I.C.B. |
| 082 ## - DEWEY DECIMAL CLASSIFICATION NUMBER | |
| Classification number | 340 |
| 245 ## - TITLE STATEMENT | |
| Title | Unconvention on the Right |
| 260 ## - PUBLICATION, DISTRIBUTION, ETC. (IMPRINT) | |
| Place of publication, distribution, etc | New Delhi |
| Name of publisher, distributor, etc | A.I.C.B. |
| Date of publication, distribution, etc | N.D. |
| 270 ## - ADDRESS | |
| Address | Sector-5, Rohini, |
| City | New Delhi |
| Postal code | 110085 |
| 300 ## - PHYSICAL DESCRIPTION | |
| Extent | various pages |
| Dimensions | 30cm(HB) |
| 942 ## - ADDED ENTRY ELEMENTS (KOHA) | |
| Source of classification or shelving scheme | Dewey Decimal Classification |
| Item type | Braille-Books-English |
| Classification part | 340 |
| Call number suffix | UNC |
| Withdrawn status | Lost status | Not for loan | Collection code | Home library | Current library | Date acquired | Source of acquisition | Cost, normal purchase price | Full call number | Barcode | Copy number | Koha item type |
|---|---|---|---|---|---|---|---|---|---|---|---|---|
| Non-fiction | Braille-Library | Braille-Library | 26/04/2010 | 26-04-2010 | 5.00 | 340 UNC | B-406411 | 1 | Braille-Books-English |
